Normal view
MARC view
- Seider, Warren & Seader , J.D.
Entry Personal Name
001 - CONTROL NUMBER
- control field: 18922
003 - CONTROL NUMBER IDENTIFIER
- control field: NUST
005 - DATE AND TIME OF LATEST TRANSACTION
- control field: 20190731074123.0
008 - FIXED-LENGTH DATA ELEMENTS
- fixed length control field: 190731|| aca||aabn | a|a d
040 ## - CATALOGING SOURCE
- Original cataloging agency: NUST
- Transcribing agency: NUST
100 ## - HEADING--PERSONAL NAME
- Personal name: Seider, Warren & Seader , J.D.
670 ## - SOURCE DATA FOUND
- Source citation: Work cat.: (NUST): Seider, Warren & Seader , J.D. , PRODUCT AND PROCESS DESIGN PRINCIPLES \, 2015.
